|
|
|
|
| LEADER |
00000nam a2200000 a 4500 |
| 001 |
UCR2099 |
| 003 |
CL-VaPUC |
| 008 |
980109e19610000CL |||||||||||||||||spa|d |
| 082 |
0 |
4 |
|a 248
|b SUH
|2 21
|
| 100 |
0 |
|
|a Suhard, Manuel
|e author
|9 399781
|
| 245 |
1 |
0 |
|a Dios, los cristianos y la historia : el sentido de dios
|
| 300 |
|
|
|a 75 p
|
| 942 |
|
|
|c BK
|
| 945 |
|
|
|d 19980109 00:00:00
|a jquezada
|
| 260 |
|
|
|a Santiago
|b Paulinas
|c 1961
|
| 600 |
|
0 |
|a Dios
|9 314467
|
| 650 |
|
0 |
|a Cristianismo
|9 257361
|
| 650 |
|
7 |
|a MILITANCIA
|2 CL-VaPUC
|9 399782
|
| 650 |
|
0 |
|a Humanismo cristiano
|9 257489
|
| 583 |
|
|
|a last modification
|c 19980109 00:00:00
|k Rodrigo Vera
|
| 490 |
0 |
|
|a Presencia
|
| 999 |
|
|
|c 265364
|d 265362
|
| 952 |
|
|
|0 0
|1 2
|4 0
|6 248_000000000000000_SUH_1961
|7 0
|8 A
|9 296261
|a BIBTEO
|b BIBTEO
|d 2019-11-20
|i 3387275
|o 248 SUH 1961
|p 3387275
|r 2019-11-20
|w 2019-11-20
|x Descarte 2019
|y BK
|k ICR
|
| 952 |
|
|
|0 0
|1 0
|4 0
|6 248_000000000000000_SUH_1961
|7 0
|8 A
|9 296262
|a BIBTEO
|b BIBTEO
|d 2019-11-20
|i 2080605
|o 248 SUH 1961
|p 2080605
|r 2019-11-20
|w 2019-11-20
|y BK
|k ICR
|